[Event "ICS rated blitz match"]
[Site "204.178.125.65"]
[Date "2001.01.27"]
[Round "?"]
[White "SMASHER"]
[Black "Hossa"]
[Result "0-1"]
[WhiteElo "2015"]
[BlackElo "2602"]
[PlyCount "66"]
[EventDate "2001.??.??"]

1. Nf3 Nf6 2. g3 b5 3. Bg2 Bb7 4. O-O e6 5. a4 bxa4 6. Rxa4 Be7 7. b4 Bc6 8.
Ra1 Bxb4 9. c3 Be7 10. Ba3 O-O 11. d4 a5 12. Nbd2 Bxa3 13. Rxa3 Qe7 14. Ra1 a4
15. Nc4 Ra7 16. Nce5 a3 17. Qb3 Bd5 18. c4 Be4 19. Nd2 Bxg2 20. Kxg2 Ra6 21. c5
d6 22. Nd3 Nc6 23. e3 Rfa8 24. Ra2 d5 25. Rfa1 Ne4 26. Nxe4 dxe4 27. Nc1 Qf6
28. Rxa3 Qf3+ 29. Kg1 Rxa3 30. Rxa3 Rb8 31. Qc2 Nxd4 32. Qc3 Nb5 33. Rb3 Rd8 {
SMASHER resigns} 0-1

[Event "ICS rated blitz match"]
[Site "204.178.125.65"]
[Date "2001.01.27"]
[Round "?"]
[White "Hossa"]
[Black "SMASHER"]
[Result "1-0"]
[WhiteElo "2603"]
[BlackElo "2014"]
[PlyCount "41"]
[EventDate "2001.??.??"]

1. d4 Nf6 2. c4 e6 3. g3 Bb4+ 4. Bd2 Qe7 5. Nf3 O-O 6. Nc3 d5 7. e3 c5 8. cxd5
exd5 9. a3 Bxc3 10. bxc3 Nc6 11. Bg2 Bg4 12. O-O b6 13. Qc2 g6 14. dxc5 Qxc5
15. Nd4 Rac8 16. f3 Bd7 17. Nb3 Qd6 18. e4 dxe4 19. fxe4 Kg7 20. Rad1 Qxa3 21.
Bg5 {SMASHER resigns} 1-0

[Event "ICS rated standard match"]
[Site "204.178.125.65"]
[Date "2001.01.27"]
[Round "?"]
[White "Hossa"]
[Black "alkhateeb"]
[Result "1-0"]
[WhiteElo "2299"]
[BlackElo "2256"]
[PlyCount "131"]
[EventDate "2001.??.??"]

1. Nf3 Nf6 2. Nc3 g6 3. e4 d6 4. d4 Bg7 5. Bd3 Nc6 6. d5 Nb8 7. O-O e5 8. Be3
O-O 9. h3 Nh5 10. a4 Nf4 11. Bxf4 exf4 12. Qd2 g5 13. Rfe1 Nd7 14. Be2 Ne5 15.
Nd4 Bd7 16. a5 a6 17. Ra3 Qe8 18. Rb3 Rb8 19. Rb4 f6 20. Rb3 h5 21. Rb4 Kh7 22.
Qd1 Kh6 23. h4 gxh4 24. Qd2 Ng6 25. Nf5+ Kh7 26. Bxh5 Qe5 27. Bxg6+ Kxg6 28.
Ne2 Bh6 29. Nxh6 Kxh6 30. Nxf4 Qg5 31. Rc4 Rbc8 32. Rc3 Rg8 33. Rb3 Rb8 34. Qc1
Rge8 35. Rc3 Rbc8 36. Rf3 Bg4 37. Rb3 Rb8 38. Qe3 Bd7 39. Rc3 Rbc8 40. Rc4 Re7
41. Rb4 Rb8 42. Qc1 Bb5 43. c4 Bd7 44. c5 Bb5 45. Ne6 Qxc1 46. Rxc1 Rbe8 47.
cxd6 cxd6 48. e5 fxe5 49. Rxh4+ Kg6 50. Rc3 Rxe6 51. dxe6 Kf5 52. Rh6 Bc6 53.
Rch3 Ke4 54. Rf6 Kd4 55. Rh7 d5 56. e7 Kc4 57. Rf8 Kb4 58. Rxe8 Bxe8 59. Rh8
Bc6 60. Rc8 Bb5 61. Rc7 Kxa5 62. Rc5 Kb4 63. Rxb5+ axb5 64. f3 Kb3 65. e8=Q b4
66. Qxe5 {alkhateeb resigns} 1-0

[Event "ICS rated standard match"]
[Site "204.178.125.65"]
[Date "2001.01.27"]
[Round "?"]
[White "alkhateeb"]
[Black "Hossa"]
[Result "0-1"]
[WhiteElo "2242"]
[BlackElo "2313"]
[PlyCount "70"]
[EventDate "2001.??.??"]

1. d4 Nf6 2. Nf3 g6 3. c4 Bg7 4. Nc3 O-O 5. e4 d6 6. Be2 Na6 7. O-O e5 8. Re1
exd4 9. Nxd4 Re8 10. Bf1 Nc5 11. f3 Ne6 12. Nc2 Nd7 13. Bd2 b6 14. b4 a5 15. a3
Bb7 16. Rb1 Be5 17. f4 Nxf4 18. g3 axb4 19. axb4 Ne6 20. Nd5 c6 21. Nde3 Nf6
22. Ng4 Nxg4 23. Qxg4 Nd4 24. Nxd4 Bxd4+ 25. Be3 f5 26. Qd1 Bxe3+ 27. Rxe3 fxe4
28. c5 d5 29. Qb3 Re7 30. Rd1 bxc5 31. bxc5 Qc7 32. Bh3 Rf8 33. Ra1 Qe5 34. Ra7
Bc8 35. Rxe7 Qa1+ {alkhateeb resigns} 0-1

[Event "ICS rated blitz match"]
[Site "204.178.125.65"]
[Date "2001.01.27"]
[Round "?"]
[White "krahs2"]
[Black "Hossa"]
[Result "0-1"]
[WhiteElo "1990"]
[BlackElo "2587"]
[PlyCount "62"]
[EventDate "2001.??.??"]

1. Nf3 d5 2. g3 Nf6 3. Bg2 d4 4. O-O Nc6 5. c3 e5 6. b4 e4 7. Nxd4 Nxd4 8. cxd4
Qxd4 9. Nc3 Bxb4 10. Bb2 O-O 11. Rb1 Qc4 12. Ba1 a5 13. Qb3 Qxb3 14. Rxb3 Be6
15. Rbb1 Rfd8 16. a3 Bxa3 17. Rxb7 c5 18. Nxe4 Nxe4 19. Bxe4 Rxd2 20. Rb5 Bc4
21. Rb6 Rad8 22. Bf3 Bb4 23. Be5 Bxe2 24. Bxe2 Rxe2 25. Bf4 a4 26. Be3 a3 27.
Ra6 c4 28. Ra4 Rb2 29. Rc1 c3 30. Ra7 c2 31. Rc7 a2 {krahs2 resigns} 0-1

[Event "ICS rated blitz match"]
[Site "204.178.125.65"]
[Date "2001.01.27"]
[Round "?"]
[White "Hossa"]
[Black "Viveiros"]
[Result "1-0"]
[WhiteElo "2588"]
[BlackElo "2066"]
[PlyCount "31"]
[EventDate "2001.??.??"]

1. Nf3 c5 2. e4 e6 3. b3 Nc6 4. Nc3 a6 5. Bb2 d5 6. exd5 exd5 7. Qe2+ Be7 8.
Nxd5 Qxd5 9. Bxg7 f6 10. Bxh8 Kf7 11. Qc4 Be6 12. Qh4 h5 13. Bc4 Qf5 14. Bd3
Qd5 15. Be4 f5 16. Qxh5+ {Viveiros resigns} 1-0

[Event "ICS rated blitz match"]
[Site "204.178.125.65"]
[Date "2001.01.27"]
[Round "?"]
[White "monsoon"]
[Black "Hossa"]
[Result "0-1"]
[WhiteElo "2626"]
[BlackElo "2590"]
[PlyCount "126"]
[EventDate "2001.??.??"]

1. e4 e6 2. d4 d5 3. e5 Nc6 4. Nc3 f6 5. Bb5 Bd7 6. Be3 Bb4 7. Bd3 fxe5 8. Qh5+
Kf8 9. dxe5 Be8 10. Qg4 d4 11. Qxe6 Bf7 12. Qf5 Nge7 13. Qe4 dxe3 14. fxe3
Bxc3+ 15. bxc3 Qd5 16. Nf3 Qxe4 17. Bxe4 Nd5 18. e6 Bxe6 19. Ng5 Ke7 20. Bxd5
Bxd5 21. O-O h6 22. Nh3 Be4 23. Rab1 b6 24. Kh1 Bxc2 25. Rbc1 Bd3 26. Rf2 g5
27. Re1 Bc4 28. e4 Ne5 29. Rf5 Ke6 30. a4 Rhf8 31. Rxf8 Rxf8 32. Ra1 g4 33. Ng1
Nd3 34. Ne2 Nf2+ 35. Kg1 Nxe4 36. Ng3 Nxg3 37. hxg3 Rf5 38. Rd1 Rd5 39. Re1+
Re5 40. Rd1 Ra5 41. Rd4 Rxa4 42. Rxg4 Kf6 43. Rh4 Kg5 44. Re4 Bb3 45. Re7 c6
46. Kh2 Ra2 47. Rg7+ Kf6 48. Rh7 Kg6 49. Re7 Bd5 50. Kh3 Bxg2+ 51. Kh2 Rc2 52.
Kg1 Bd5 53. Re3 Bc4 54. Rf3 a5 55. g4 a4 56. Re3 a3 57. Re1 a2 58. Ra1 Rb2 59.
Rxa2 Rxa2 60. Kh1 Kg5 61. Kg1 Kxg4 62. Kh1 Kg3 63. Kg1 Ra1# {monsoon checkmated
} 0-1

[Event "ICS rated blitz match"]
[Site "204.178.125.65"]
[Date "2001.01.27"]
[Round "?"]
[White "Hossa"]
[Black "monsoon"]
[Result "1-0"]
[WhiteElo "2608"]
[BlackElo "2608"]
[PlyCount "135"]
[EventDate "2001.??.??"]

1. Nf3 d5 2. g3 Nf6 3. Bg2 Bf5 4. O-O c5 5. d4 e6 6. Nh4 Bg4 7. h3 Bh5 8. c4
cxd4 9. g4 Bxg4 10. hxg4 Nxg4 11. Qa4+ Nc6 12. Nf3 Bc5 13. cxd5 exd5 14. Qc2
Qd6 15. Bh3 Nf6 16. Qf5 Ne7 17. Qf4 Qb6 18. b3 Ne4 19. Ne5 f6 20. Nd7 Qc6 21.
Nxc5 Qxc5 22. Ba3 Qc2 23. Qg4 f5 24. Qf3 Nf6 25. Rc1 Qe4 26. Rc7 Nfg8 27. Nd2
Qh4 28. Rd1 Qf6 29. Qd3 a6 30. Rxb7 h5 31. Rc1 g6 32. Nf3 Rd8 33. Rcc7 Rh7 34.
Qxd4 Qxd4 35. Nxd4 Rf7 36. Bg2 h4 37. Nc6 Rc8 38. Bxd5 Rxc7 39. Bxf7+ Kd7 40.
Rxc7+ Kxc7 41. Nxe7 Nxe7 42. Bxe7 h3 43. Bg5 Kd6 44. Kh2 a5 45. Bxg6 Ke6 46. f4
Kd5 47. Bxf5 Kd4 48. e4 a4 49. e5 axb3 50. axb3 Kc3 51. e6 Kxb3 52. e7 Kc4 53.
Be6+ Kd4 54. f5 Ke4 55. f6 Ke5 56. f7 Kxe6 57. Kxh3 Kxf7 58. Kh4 Ke8 59. Kh5
Kd7 60. Kg6 Ke8 61. Bh4 Kd7 62. Kf7 Kc6 63. e8=Q+ Kc5 64. Qa4 Kb6 65. Be7 Kb7
66. Qb5+ Kc8 67. Qb6 Kd7 68. Qb7# {monsoon checkmated} 1-0

[Event "ICS rated blitz match"]
[Site "204.178.125.65"]
[Date "2001.01.27"]
[Round "?"]
[White "monsoon"]
[Black "Hossa"]
[Result "1-0"]
[WhiteElo "2592"]
[BlackElo "2624"]
[PlyCount "103"]
[EventDate "2001.??.??"]

1. d4 Nf6 2. c4 g6 3. Nc3 d5 4. cxd5 Nxd5 5. e4 Nxc3 6. bxc3 Bg7 7. Bc4 O-O 8.
Ne2 Nc6 9. O-O e5 10. Ba3 Re8 11. Qb3 Qd7 12. dxe5 Na5 13. Qb4 Nxc4 14. Qxc4 b5
15. Qb4 Bf8 16. Qb2 Bxa3 17. Qxa3 Rxe5 18. Rfd1 Qc6 19. Rd8+ Re8 20. Rxe8+ Qxe8
21. Qb4 Be6 22. Ng3 Bc4 23. Qc5 Qd7 24. a4 Qd6 25. Qxd6 cxd6 26. axb5 Bxb5 27.
Rb1 a6 28. Rd1 Rc8 29. f4 Rxc3 30. Rxd6 Rc2 31. f5 Bc4 32. f6 h5 33. Rd1 Kh7
34. e5 Bb3 35. Rd3 Rc1+ 36. Kf2 Bc4 37. Rd4 Rc2+ 38. Kf3 g5 39. Nf5 Bb5 40. Rd8
g4+ 41. Kf4 Rxg2 42. Nd6 Rxh2 43. Rf8 Bd3 44. Kg5 Bg6 45. Nxf7 Bxf7 46. Rxf7+
Kg8 47. Kg6 Rb2 48. e6 g3 49. e7 Rb8 50. Rg7+ Kh8 51. Rh7+ Kg8 52. f7# {
Hossa checkmated} 1-0

[Event "ICS Rated blitz match"]
[Site "204.178.125.65"]
[Date "2001.01.27"]
[Round "?"]
[White "lambChop"]
[Black "Hossa"]
[Result "1-0"]
[WhiteElo "2557"]
[BlackElo "2607"]
[PlyCount "99"]
[EventDate "2001.??.??"]

1. e4 e6 2. d4 d5 3. Nd2 c5 4. Ngf3 Nf6 5. exd5 exd5 6. Bb5+ Bd7 7. Bxd7+ Nbxd7
8. O-O Be7 9. dxc5 Nxc5 10. Nd4 Qd7 11. Qf3 O-O 12. N2b3 Nxb3 13. axb3 Ne4 14.
Nf5 Bf6 15. Qg4 Kh8 16. f3 Nd6 17. Nxd6 Qxd6 18. Kh1 Rfe8 19. Qf5 Re5 20. Qd3
Rh5 21. f4 Qd7 22. Re1 Qc6 23. c3 Qd7 24. Be3 Bh4 25. Rf1 a6 26. Bd4 Re8 27.
Rad1 Qg4 28. Rf3 b5 29. c4 dxc4 30. bxc4 Rd8 31. Qe2 bxc4 32. Rg3 Qg6 33. Bg1
Qf6 34. Re3 g6 35. Re8+ Kg7 36. Rdxd8 Kh6 37. Rd4 Bg3 38. Qe3 Bh4 39. g4 Qc6+
40. Rde4 f5 41. Qa3 Qd7 42. g5+ Rxg5 43. fxg5+ Kxg5 44. Qe3+ Kf6 45. Qh6 Bf2
46. Rf8+ Qf7 47. Rxf7+ Kxf7 48. Qxh7+ Kf8 49. Re7 Bxg1 50. Qf7# {
Hossa checkmated} 1-0

[Event "ICS rated blitz match"]
[Site "204.178.125.65"]
[Date "2001.01.27"]
[Round "?"]
[White "Hossa"]
[Black "ChesterX"]
[Result "0-1"]
[WhiteElo "2589"]
[BlackElo "2760"]
[PlyCount "88"]
[EventDate "2001.??.??"]

1. Nf3 d5 2. g3 c5 3. Bg2 Nc6 4. O-O e5 5. d3 Be7 6. e4 Nf6 7. exd5 Nxd5 8. Re1
f6 9. c3 Bg4 10. h3 Bh5 11. Na3 Nb6 12. Qe2 O-O 13. Be3 f5 14. Rad1 Qd6 15. Nb5
Qb8 16. Ra1 a6 17. Na3 Kh8 18. Qc2 f4 19. gxf4 exf4 20. Bc1 Qc7 21. Nb1 Rae8
22. Nbd2 Rd8 23. d4 cxd4 24. cxd4 Rd7 25. b3 Bb4 26. a3 Bxf3 27. Bxf3 Bxd2 28.
Qxd2 Nxd4 29. Be4 Nxb3 30. Qb4 Nc5 31. Rb1 Nd5 32. Qc4 Nxe4 33. Rxe4 Nc3 34.
Qb4 Rd1+ 35. Kh2 Qc8 36. Re7 Rh1+ 37. Kxh1 Qxh3+ 38. Kg1 f3 39. Qg4 Qxg4+ 40.
Kf1 Rd8 41. Re8+ Rxe8 42. Be3 Nxb1 43. a4 Qg2+ 44. Ke1 Qg1# {Hossa checkmated}
0-1

[Event "ICS rated bullet match"]
[Site "204.178.125.65"]
[Date "2001.01.27"]
[Round "?"]
[White "Hossa"]
[Black "PostModernist"]
[Result "1-0"]
[WhiteElo "2505"]
[BlackElo "2631"]
[PlyCount "91"]
[EventDate "2001.??.??"]

1. e4 e6 2. d4 d5 3. Nd2 c5 4. Ngf3 cxd4 5. Nxd4 Nf6 6. Bb5+ Bd7 7. exd5 Bxb5
8. Nxb5 a6 9. Nc3 Nxd5 10. Nxd5 Qxd5 11. O-O Bd6 12. c4 Qe5 13. Nf3 Qc5 14. Qd3
O-O 15. Ng5 g6 16. Ne4 Qf5 17. Rd1 Be5 18. Qe2 Bc7 19. Bh6 Rc8 20. c5 b6 21. g4
Qe5 22. f4 Qh8 23. g5 Bd8 24. Rxd8+ Rxd8 25. Nf6+ Qxf6 26. gxf6 bxc5 27. Rd1
Nd7 28. f5 e5 29. Rd6 a5 30. Be3 Nf8 31. Bxc5 Re8 32. Rd5 e4 33. Be7 Reb8 34.
Bxf8 Kxf8 35. fxg6 hxg6 36. Qc4 Re8 37. Rxa5 Rxa5 38. Qb4+ Kg8 39. Qxa5 e3 40.
Kf1 Kh7 41. Qc7 e2+ 42. Ke1 Kg8 43. Qe7 Rb8 44. Qe5 Rc8 45. Kxe2 Ra8 46. Kf3 {
PostModernist resigns} 1-0

[Event "ICS rated blitz match"]
[Site "204.178.125.65"]
[Date "2001.01.27"]
[Round "?"]
[White "Hossa"]
[Black "RedBear"]
[Result "0-1"]
[WhiteElo "2580"]
[BlackElo "2482"]
[PlyCount "94"]
[EventDate "2001.??.??"]

1. d4 Nf6 2. c4 e6 3. g3 d5 4. Bg2 Be7 5. Nf3 O-O 6. O-O dxc4 7. Qc2 a6 8. Qxc4
b5 9. Qc2 Bb7 10. Bf4 Nc6 11. Rd1 Nb4 12. Qc1 Rc8 13. Nc3 Nbd5 14. Ne5 c5 15.
Nxd5 Bxd5 16. Bxd5 Nxd5 17. dxc5 Bxc5 18. Qd2 Qe7 19. Nd3 Bb6 20. Rac1 f6 21.
e4 Nxf4 22. Nxf4 Rxc1 23. Qxc1 Qb7 24. Nxe6 Re8 25. Rd6 Qxe4 26. Nxg7 Bxf2+ 27.
Kxf2 Kxg7 28. Rxa6 Qd4+ 29. Kf1 Qd5 30. Kg1 Re2 31. Ra7+ Kg6 32. Qb1+ f5 33.
Ra6+ Kf7 34. Ra7+ Kg8 35. Qf1 Qd4+ 36. Kh1 Rf2 37. Qxf2 Qxf2 38. Ra8+ Kg7 39.
h3 Qf3+ 40. Kh2 Qxa8 41. a3 Qf3 42. h4 Qf2+ 43. Kh1 Qxg3 44. b4 Kh6 45. a4 f4
46. axb5 f3 47. h5 Qg2# {Hossa checkmated} 0-1

[Event "ICS rated blitz match"]
[Site "204.178.125.65"]
[Date "2001.01.27"]
[Round "?"]
[White "hacherov"]
[Black "Hossa"]
[Result "0-1"]
[WhiteElo "2086"]
[BlackElo "2560"]
[PlyCount "64"]
[EventDate "2001.??.??"]

1. e4 c5 2. f4 e5 3. Nf3 exf4 4. Bc4 d6 5. d3 g5 6. O-O Bg4 7. Qe1 Bg7 8. Nxg5
Qxg5 9. Bxf4 Qg6 10. Bg3 Nh6 11. e5 dxe5 12. Bxe5 O-O 13. Bxg7 Qxg7 14. Nc3 Nc6
15. Nd5 Qxb2 16. Nf6+ Kg7 17. Qh4 Qd4+ 18. Kh1 Ne5 19. Qg5+ Ng6 20. Rae1 Qd8
21. Qxc5 Be6 22. Nh5+ Kh8 23. Bxe6 fxe6 24. Qc3+ e5 25. Qd2 Ng4 26. h3 Qh4 27.
Nf6 Nxf6 28. Qc3 Rf7 29. Qb3 Raf8 30. Re4 Qg3 31. Rb4 Ng4 32. Qxf7 Qh2# {
hacherov checkmated} 0-1

[Event "ICS rated standard match"]
[Site "204.178.125.65"]
[Date "2001.01.27"]
[Round "?"]
[White "Hossa"]
[Black "nitmo"]
[Result "1-0"]
[WhiteElo "2326"]
[BlackElo "1955"]
[PlyCount "52"]
[EventDate "2001.??.??"]

1. d4 d5 2. c4 e5 3. dxe5 d4 4. Nf3 Nc6 5. g3 Bg4 6. Nbd2 Qd7 7. Bg2 Bh3 8. O-O
h5 9. Bxh3 Qxh3 10. Ng5 Qd7 11. Ndf3 h4 12. g4 O-O-O 13. h3 Nh6 14. Qd3 Nxg4
15. e6 fxe6 16. hxg4 e5 17. Qf5 Qxf5 18. gxf5 h3 19. Nf7 Bd6 20. Bg5 e4 21. Nd2
h2+ 22. Kh1 Rhf8 23. Nxd8 Nxd8 24. Nxe4 Rxf5 25. Bxd8 Kxd8 26. Nxd6 cxd6 {
nitmo resigns} 1-0

[Event "ICS rated blitz match"]
[Site "204.178.125.65"]
[Date "2001.01.27"]
[Round "?"]
[White "kondor"]
[Black "Hossa"]
[Result "0-1"]
[WhiteElo "2047"]
[BlackElo "2562"]
[PlyCount "34"]
[EventDate "2001.??.??"]

1. e4 e6 2. d4 d5 3. Nd2 c5 4. c3 cxd4 5. cxd4 dxe4 6. Nxe4 Bb4+ 7. Nc3 Nf6 8.
Nf3 Nd5 9. Qc2 Nc6 10. Bd3 Nxc3 11. bxc3 Nxd4 12. Qa4+ Nc6 13. cxb4 Qxd3 14. b5
Qc3+ 15. Nd2 Qxa1 16. bxc6 Qxc1+ 17. Ke2 Qxc6 {kondor resigns} 0-1

[Event "ICS rated standard match"]
[Site "204.178.125.65"]
[Date "2001.01.27"]
[Round "?"]
[White "IronMaiden"]
[Black "Hossa"]
[Result "0-1"]
[WhiteElo "2265"]
[BlackElo "2329"]
[PlyCount "48"]
[EventDate "2001.??.??"]

1. c4 e5 2. Nc3 Nf6 3. e4 Bc5 4. g3 Nc6 5. Bg2 d6 6. h3 O-O 7. d3 Be6 8. Nge2
Nd7 9. O-O f5 10. exf5 Rxf5 11. Nd5 Nb6 12. Nec3 Rf7 13. a3 Qc8 14. Qh5 Rf5 15.
Qd1 Rf8 16. Qh5 Bf5 17. Be4 Bxe4 18. dxe4 Nxc4 19. b4 Bd4 20. b5 Rf7 21. Bg5
Bxc3 22. Nxc3 Nd4 23. Nd5 g6 24. Qh6 Qe6 {IronMaiden resigns} 0-1

[Event "ICS Rated blitz match"]
[Site "204.178.125.65"]
[Date "2001.01.28"]
[Round "?"]
[White "Hossa"]
[Black "monsoon"]
[Result "1-0"]
[WhiteElo "2564"]
[BlackElo "2588"]
[PlyCount "197"]
[EventDate "2001.??.??"]

1. e4 c5 2. c3 d5 3. exd5 Qxd5 4. d4 Nc6 5. Nf3 cxd4 6. cxd4 e6 7. Nc3 Qd8 8.
Bc4 Be7 9. Bf4 Nf6 10. O-O O-O 11. Nb5 Bd7 12. Rc1 a6 13. Nc7 Rc8 14. d5 exd5
15. Nxd5 Nxd5 16. Qxd5 Be6 17. Qe4 Bxc4 18. Rfd1 Qb6 19. Rxc4 Rfe8 20. Qc2 Rcd8
21. Re1 Qa5 22. a3 Qd5 23. Bc7 Rc8 24. Rd1 Qe6 25. Re1 Qd7 26. Bb6 Bf6 27. Rd1
Qe6 28. b3 Be7 29. Re1 Qf6 30. b4 Bd6 31. Rd1 Bf4 32. a4 Rf8 33. Qe4 Bd6 34. b5
Rce8 35. Qh4 Qxh4 36. Rxh4 Ne7 37. Rxd6 Nf5 38. Rhd4 Nxd6 39. Rxd6 Re6 40. Rxe6
fxe6 41. bxa6 bxa6 42. a5 Rc8 43. h3 Kf7 44. Kh2 Kg6 45. Bd4 Rd8 46. Ne5+ Kf5
47. Nc6 Rd6 48. Ne7+ Kg5 49. Be5 Rd7 50. f4+ Kh6 51. Nc6 Kg6 52. Nb4 Ra7 53.
Nd3 Kf5 54. Nc5 h5 55. h4 g6 56. Kg3 Ra8 57. Kf3 Rd8 58. Nxa6 Rd3+ 59. Kf2 Ra3
60. Bc7 Rc3 61. Bb6 Kxf4 62. Nc5 e5 63. Kg1 e4 64. a6 e3 65. a7 Ra3 66. Nb3 Ra6
67. Kf1 Kg3 68. Bxe3 Kxh4 69. Kg1 Kg3 70. Bf2+ Kg4 71. Kh2 h4 72. Bb6 g5 73.
Nc5 Ra2 74. Ne6 h3 75. Bf2 Kf5 76. Nc7 Ke5 77. Kxh3 Ra4 78. a8=Q g4+ 79. Kh4
Rxa8 80. Nxa8 Kf4 81. Nc7 Kf5 82. Nd5 Ke6 83. Kxg4 Ke5 84. Bd4+ Kxd4 85. Ne7
Ke5 86. Kg5 Ke6 87. Ng6 Kd5 88. Kf5 Kc6 89. g4 Kd5 90. Ne5 Kd6 91. g5 Ke7 92.
g6 Kd6 93. g7 Kc5 94. g8=Q Kb6 95. Qd5 Ka7 96. Qb5 Ka8 97. Qb4 Ka7 98. Nd7 Ka6
99. Qb6# {monsoon checkmated} 1-0

[Event "ICS rated blitz match"]
[Site "204.178.125.65"]
[Date "2001.01.28"]
[Round "?"]
[White "QueenMaxima"]
[Black "Hossa"]
[Result "1-0"]
[WhiteElo "2435"]
[BlackElo "2581"]
[PlyCount "147"]
[EventDate "2001.??.??"]

1. e4 c5 2. Nc3 Nc6 3. Nf3 d6 4. Bc4 Nf6 5. O-O Nxe4 6. Bxf7+ Kxf7 7. Nxe4 Kg8
8. Re1 e5 9. d3 Be7 10. Bg5 Bg4 11. Bxe7 Qxe7 12. h3 Bxf3 13. Qxf3 Nd4 14. Qd1
d5 15. Nd2 Rf8 16. c3 Nc6 17. c4 dxc4 18. Nxc4 Qf6 19. f3 b5 20. Ne3 Rf7 21.
Qb3 Nd4 22. Qd5 h5 23. Rac1 Qg5 24. Kh1 Nxf3 25. gxf3 Qg3 26. Nf1 Qxh3+ 27. Nh2
Rh6 28. Rxe5 Qd7 29. Qe4 Ra6 30. Rcxc5 g6 31. Rxb5 Kg7 32. Rg5 Raf6 33. d4 a6
34. Ra5 Qh3 35. b3 Rc7 36. Rg1 Rcc6 37. Qe7+ Rf7 38. Qe2 Rff6 39. Re5 Rf4 40.
Re7+ Rf7 41. Qe5+ Rcf6 42. Rxf7+ Kxf7 43. Rc1 Qe6 44. Rc7+ Ke8 45. Rc8+ Ke7 46.
Qc7+ Qd7 47. Qc4 Qb5 48. Qg8 Qd7 49. Ra8 Rf7 50. d5 Qxd5 51. Ra7+ Kf6 52. Rxa6+
Ke5 53. Rxg6 Kd4 54. Rg5 Rf5 55. Qg7+ Ke3 56. Qc3+ Kf4 57. Rg2 Qc5 58. Qe1 Re5
59. Qh4+ Kf5 60. Qxh5+ Ke6 61. Qe8+ Kd6 62. Rg6+ Kc7 63. Rg7+ Kb6 64. Qd8+ Ka6
65. Qa8+ Kb5 66. Rb7+ Qb6 67. Qa4+ Kc5 68. Qc4+ Kd6 69. Rxb6+ Kd7 70. Qc6+ Kd8
71. Rb8+ Ke7 72. Rb7+ Kf8 73. Qh6+ Ke8 74. Qh8# {Hossa checkmated} 1-0

[Event "ICS rated standard match"]
[Site "204.178.125.65"]
[Date "2001.01.28"]
[Round "?"]
[White "Hossa"]
[Black "HdeVoriem"]
[Result "1-0"]
[WhiteElo "2342"]
[BlackElo "1958"]
[PlyCount "67"]
[EventDate "2001.??.??"]

1. Nf3 f5 2. d4 Nf6 3. d5 c6 4. c4 cxd5 5. cxd5 Qa5+ 6. Nc3 e6 7. dxe6 dxe6 8.
Bd2 Nc6 9. e3 Be7 10. Bc4 O-O 11. Qb3 Qc7 12. Bxe6+ Bxe6 13. Qxe6+ Kh8 14. Qxf5
Rad8 15. O-O Bd6 16. Nb5 Qb6 17. Nxd6 Rxd6 18. Bc3 Rd5 19. Qf4 Qd8 20. Bxf6
Rxf6 21. Qc4 Rh5 22. Rad1 Qb8 23. Qg4 Rhh6 24. Rd7 Rhg6 25. Qh5 Rh6 26. Qg5
Rhg6 27. Qd5 Rd6 28. Rxd6 Rxd6 29. Qb3 h6 30. Qf7 Rf6 31. Qd7 a6 32. Rd1 Ne5
33. Qd8+ Qxd8 34. Rxd8+ {HdeVoriem resigns} 1-0

[Event "ICS rated standard match"]
[Site "204.178.125.65"]
[Date "2001.01.28"]
[Round "?"]
[White "HdeVoriem"]
[Black "Hossa"]
[Result "0-1"]
[WhiteElo "1955"]
[BlackElo "2345"]
[PlyCount "53"]
[EventDate "2001.??.??"]

1. d4 Nf6 2. c4 e6 3. Nc3 Bb4 4. e3 O-O 5. Nf3 c5 6. Bd3 d5 7. O-O dxc4 8. Bxc4
cxd4 9. exd4 b6 10. a3 Bd6 11. Bg5 Bb7 12. d5 Qc7 13. Bxf6 Qxc4 14. Be5 Bxe5
15. Nxe5 Qc5 16. Rc1 Bxd5 17. Nxd5 Qxd5 18. Qxd5 exd5 19. Rc7 f6 20. Nf3 Na6
21. Rd7 Rfd8 22. Rxd8+ Rxd8 23. Nd4 Nc5 24. b4 Ne4 25. Rc1 Rd7 26. f3 Nd6 27.
Rc8+ {HdeVoriem resigns} 0-1

[Event "ICS rated blitz match"]
[Site "204.178.125.65"]
[Date "2001.01.28"]
[Round "?"]
[White "Hossa"]
[Black "prg3"]
[Result "1-0"]
[WhiteElo "2559"]
[BlackElo "2128"]
[PlyCount "52"]
[EventDate "2001.??.??"]

1. Nf3 Nf6 2. g3 d5 3. Bg2 Nc6 4. d4 Bg4 5. h3 Bxf3 6. Bxf3 Qd7 7. c3 O-O-O 8.
b4 a6 9. a4 e6 10. b5 Nb8 11. O-O axb5 12. axb5 Qxb5 13. Na3 Qd7 14. Nc2 c6 15.
Ra8 Bd6 16. g4 Qc7 17. g5 Nfd7 18. Ra7 e5 19. Bg4 Rhf8 20. dxe5 Bxe5 21. Qd3 h6
22. gxh6 gxh6 23. Bxh6 Qd6 24. Bxf8 Rxf8 25. Rb1 Qc7 26. Kg2 Na6 {prg3 resigns}
1-0

[Event "ICS rated blitz match"]
[Site "204.178.125.65"]
[Date "2001.01.28"]
[Round "?"]
[White "QueenMaxima"]
[Black "Hossa"]
[Result "0-1"]
[WhiteElo "2477"]
[BlackElo "2561"]
[PlyCount "146"]
[EventDate "2001.??.??"]

1. d4 Nf6 2. Bg5 c5 3. Bxf6 exf6 4. e3 Qb6 5. b3 cxd4 6. exd4 Be7 7. Nf3 O-O 8.
Be2 d5 9. O-O Rd8 10. Re1 Qc7 11. a3 Nc6 12. Nc3 a6 13. h3 Be6 14. Bd3 Ne5 15.
dxe5 Qxc3 16. Re3 Qc7 17. Re1 Rac8 18. Qd2 fxe5 19. Nxe5 Re8 20. Ng4 Bd6 21. a4
h5 22. Nh6+ gxh6 23. Qxh6 Bh2+ 24. Kh1 Qf4 25. Bh7+ Kh8 26. Qxh5 Kg7 27. Bd3
Rh8 28. Qd1 Rcg8 29. Re3 Kf8 30. Qf1 Qc7 31. Qe1 d4 32. Rxe6 fxe6 33. Qxe6 Bf4
34. Bc4 Kg7 35. Qg4+ Kh7 36. Qf5+ Kg7 37. Bxg8 Rxg8 38. Re1 Rf8 39. Qg4+ Kh8
40. Qh4+ Qh7 41. Qxh7+ Kxh7 42. Re7+ Kg8 43. Rxb7 Rc8 44. g3 Bc1 45. Rb4 Rxc2
46. Rxd4 Rxf2 47. Rd8+ Kf7 48. Rd7+ Kf8 49. Ra7 Rf6 50. Ra8+ Kg7 51. b4 Rb6 52.
Ra7+ Kh6 53. b5 axb5 54. axb5 Rxb5 55. Ra6+ Kh5 56. g4+ Kh4 57. Rc6 Bg5 58. Rd6
Bf4 59. Re6 Kxh3 60. Re1 Rb2 61. g5 Bd2 62. Rf1 Bxg5 63. Rf3+ Kg4 64. Rd3 Re2
65. Rc3 Be3 66. Rc2 Bd2 67. Rc6 Kf3 68. Rg6 Re4 69. Rg2 Bc3 70. Rg4 Rxg4 71.
Kh2 Kf2 72. Kh3 Rf4 73. Kh2 Rh4# {QueenMaxima checkmated} 0-1

[Event "ICS rated blitz match"]
[Site "204.178.125.65"]
[Date "2001.01.28"]
[Round "?"]
[White "MelRose21"]
[Black "Hossa"]
[Result "0-1"]
[WhiteElo "1943"]
[BlackElo "2574"]
[PlyCount "70"]
[EventDate "2001.??.??"]

1. e4 e6 2. d4 d5 3. exd5 exd5 4. Nf3 Bd6 5. Bd3 Nc6 6. O-O Bg4 7. c3 Nf6 8.
Re1+ Ne7 9. Bg5 Nd7 10. Bxe7 Bxe7 11. Nbd2 O-O 12. Qb3 Nb6 13. Ne5 Be6 14. Rad1
Re8 15. Bb1 Bg5 16. Ndf3 Bh6 17. Qc2 g6 18. Re2 Bf5 19. Nd3 Qf6 20. Rde1 Re4
21. Nc5 Rxd4 22. Re8+ Rxe8 23. Rxe8+ Bf8 24. Qe2 Rc4 25. Bxf5 Rxc5 26. Bd3 Nd7
27. h3 Ra5 28. a3 Nc5 29. Nd4 Qg5 30. Bc2 Ra6 31. b4 Ne6 32. Nxe6 fxe6 33. Kh2
Qf6 34. g3 Rxa3 35. Rxe6 Qxc3 {MelRose21 resigns} 0-1

[Event "ICS rated blitz match"]
[Site "204.178.125.65"]
[Date "2001.01.28"]
[Round "?"]
[White "Hossa"]
[Black "MelRose21"]
[Result "1-0"]
[WhiteElo "2575"]
[BlackElo "1942"]
[PlyCount "141"]
[EventDate "2001.??.??"]

1. Nf3 Nf6 2. Nc3 d5 3. e3 c5 4. d4 cxd4 5. Bb5+ Bd7 6. exd4 Bxb5 7. Nxb5 a6 8.
Nc3 Nc6 9. O-O e6 10. Bf4 Bd6 11. Qd2 Bxf4 12. Qxf4 O-O 13. a3 Rc8 14. Qe3 Na5
15. Ne5 Nc4 16. Nxc4 Rxc4 17. Rfd1 Qc7 18. f3 Rc8 19. Rac1 h6 20. Rd3 b5 21.
Re1 Qc6 22. Qf4 a5 23. Ra1 b4 24. axb4 axb4 25. Na2 Qb6 26. c3 bxc3 27. bxc3
Ra8 28. Qd2 Rca4 29. Qc2 Qa6 30. Rd2 Qc4 31. Qb2 Ra3 32. Rc2 Nd7 33. Qb1 R8a6
34. Qf1 Nb6 35. g3 Qxf1+ 36. Kxf1 Nc4 37. Ke2 Kf8 38. Kd3 Ke7 39. Re2 Kd6 40.
f4 f5 41. h3 g6 42. Rf2 h5 43. Rg2 Rb3 44. Rc2 Raa3 45. Ke2 Nb2 46. Kf1 Na4 47.
Rac1 Nb6 48. Re1 Nc4 49. Rce2 Rb2 50. Rxe6+ Kd7 51. Re7+ Kd8 52. Re8+ Kd7 53.
R1e7+ Kd6 54. Re6+ Kd7 55. R8e7+ Kd8 56. Nc1 Ra1 57. Re8+ Kd7 58. R6e7+ Kd6 59.
Re1 Rbb1 60. R8e6+ Kd7 61. Re7+ Kd8 62. Nd3 Nd2+ 63. Kg2 Ne4 64. Rxb1 Rxb1 65.
Rg7 Rd1 66. Ne5 Rd2+ 67. Kf3 Rd3+ 68. Nxd3 Nd2+ 69. Ke2 Ne4 70. Rxg6 Nxc3+ 71.
Kf3 {MelRose21 resigns} 1-0